| 000 | 00909nac a22002411u 4500 | ||
|---|---|---|---|
| 010 | _a 85007783 | ||
| 020 | _a0407004157 (pbk.) : | ||
| 082 | 0 | 0 |
_a610.76 _bP1991 |
| 090 |
_c3443 _d3443 |
||
| 100 | _aPappworth, M. H. | ||
| 245 | 1 | 0 |
_aPassing medical examinations : _ba handbook for final qualifying and postgraduate examinations and for all their examiners / _cM.H. Pappworth. |
| 250 | _a2nd ed. | ||
| 260 |
_aLondon ; _aBoston : _bButterworths, _c1985. |
||
| 300 |
_a100 p. ; _c22 cm. |
||
| 500 | _aIncludes index. | ||
| 500 | _aDonations. | ||
| 500 | _aDonations - Bibliotheca Alexandrina. | ||
| 650 | 0 |
_aMedicine _xExaminations. |
|
| 650 | 0 |
_aMedicine _zGreat Britain _xExaminations. |
|
| 650 | 0 | _aEducational Measurement. | |
| 942 |
_cBB _k610.76P1991 |
||
| 999 |
_c3443 _d3443 |
||